zpět

Detail výsledku týmu

The PUB Praha 6 , Praha

Datum a čas kvízu

29.5 Celkem bodů Celkový počet nahraných bodů na tomto kvízu bez doplňovacích otázek.
10. Pořadí na kvízu Konečné umístění týmu na tomto kvízu.

Zaznamenané odpovědi

# Otázka Odpověď Body Výsledky
1. V centru Ústí nad Labem byla p... hadr 0
2. Polský velmistr Jan-Krzystof D... nepodal mu ruku 1
3. Kterou legendární hru, konkrét... Tetris 1
4. Společnost Microsoft se rozhod... Copilot 0
5. Kolik gólů během posledních dv... 4 branky 0
6. Rok 2023 je již za námi, spole... D 1
7. Mnoho let se tvůrci pokoušeli... One Piece; Netflix 0.5
8. Na motivy života kterého fotba... Davida Beckhama 1
9. Seriál Hotel Continental je tř... Mel Gibson 0
10. V poslední otázce se podíváme... Dobré ráno, Brno! 0